000 00622nam a2200241 a 4500
001 nice12345678
003 IN_TiNIC
005 20260116011316.0
008 050524s1913 lona grp 000 0 eng
020 _a
_c0
082 0 0 _a248.24
_bGOL
100 _aGoldsack, William
245 _aGhulam Jabbar`s Renunciation, a Tale of Eastern Bengal
260 _aLondon & Madras
_bChristian Lit. Society
_c1913
300 _a137p
500 _aincludes index and biblioraphy
505 2 _aIndex
650 _aConversion-Christianity
700 1 _aGoldsack, William
902 _bSRS
942 _cBK
999 _c382
_d382